| 000 | 00770nac a22001931u 4500 | ||
|---|---|---|---|
| 010 | _a2003265567 | ||
| 020 | _a0130409057 | ||
| 082 | 0 | 0 |
_a621.39/81 _bM3451 |
| 090 |
_c639 _d639 |
||
| 100 | _aMark, Jon W. | ||
| 245 | 1 | 0 |
_aWireless communications and networking / _cJon W. Mark and Weihua Zhuang. |
| 260 |
_aUpper Saddle River, N.J. : _bPrentice Hall, _cc2003. |
||
| 300 |
_axii, 356 p. : _bill. ; _c25 cm. |
||
| 504 | _aIncludes bibliographical references (p. 333-344) and index. | ||
| 650 | 0 | _aWireless communication systems. | |
| 700 | 1 | _aZhuang, Weihua. | |
| 942 |
_cBB _k621.39/81M3451 |
||
| 999 |
_c639 _d639 |
||